Statistiken für Botswana-Quiz

Klicken Sie hier um das Quiz zu spielen!

Allgemein

  • Dieses Quiz wurde 718 mal gespielt
  • Das Durchschnittsergebnis liegt bei 13 aus 19

Antwortstatistiken

FrageAntwort% Korrekt
NachbarlandSüdafrika
97%
AmtssprachenEnglisch
95%
Ungefähr 22% der Erwachsenen sind positiv mit diesem Virus infisziertHIV
95%
NachbarlandNamibia
95%
NachbarlandSimbabwe
95%
NachbarlandSambia
93%
Botswana hat mehr von diesen großen Säugetieren als alle anderen LändernElefanten
91%
Land, von dem Botswana 1966 unabhängig wurdeVereinigtes Königreich
90%
73% der Bürger Botswanas gehören dieser Religion anChristentum
76%
Hauptstadt von BotswanaGaborone
73%
Wüste, die die Hälfte der Fläche Botswanas bedecktKalahari
67%
Wertvolle Substanz, die 62% der Exporte Botswanas ausmachtDiamanten
66%
Indigene Khoisansprachen besitzen viele dieser ungewöhnlichen LauteKlicklaute
51%
Nationaltier BotswanasZebra
34%
Fluss, der die Besonderheit besitzt in der Wüste Botswanas zu mündenOkavango
32%
AmtssprachenSetswana
30%
Kolonialer Name Botswanas{Betschuana}land
26%
Fluss entlang der Südgrenze Botswanas, der im indischen Ozean mündetLimpopo
24%
Währung von BotswanaPula
24%

Verteilung der Resultate

Perzentil nach korrekt beantworteten Fragen

Anzahl Personen mit jedem Resultat

Ihre Resultats-Entwicklung

Sie haben dieses Quiz noch nicht gespielt